000
00213nam a2200073Ia 4500
008
170523s9999 xx 000 0 und d
100
_a
Martinez-Duart- J.M.
245
0
_a
Nanotechnology for Microelectronics and Optoelectronics
260
_a
Elsevier
999
_c
12248
_d
12248